000 00317nam a22001457a 4500
008 210426b ||||| |||| 00| 0 eng d
020 _a9781842772799
041 _aeng
080 _a339.9
082 _a339.9
100 _a59
101 _aGLO
245 _aQuestioning Globalization
_cSingh,K
942 _2udc
_cBK
999 _c56734
_d56734